| 000 | 00666nam a2200265Ia 4500 | ||
|---|---|---|---|
| 008 | 171120s9999 xx 000 0 und d | ||
| 020 | _a9.7897181612e+012 | ||
| 050 | _a959.9 | ||
| 050 | _bR696 2009 | ||
| 100 | _aRodrigo, Raul | ||
| 245 | _aCory magic : | ||
| 245 | _bher peoples' stories / | ||
| 245 | _cby Raul Rodrigo. | ||
| 260 | _aPhilippines : | ||
| 260 | _bABS-CBN, | ||
| 260 | _c2009 | ||
| 300 | _a397 pages : | ||
| 300 | _billustrations ; | ||
| 300 | _c23cm. | ||
| 650 | _aAquino, Corazon Cojuanco -- | ||
| 650 | _aAquino, Corazon Cojuanco. | ||
| 650 | _aPolitics and government. | ||
| 650 | _xDeath and burial. | ||
| 700 | _aTitle. | ||
| 999 |
_c345370 _d345370 |
||